Geología aplicada a la ingeniería civil
Gespeichert in:
| 1. Verfasser: | |
|---|---|
| Format: | Buch |
| Sprache: | Spanisch |
| Veröffentlicht: |
Santiago
Universidad de Chile
1962
|
| Schlagworte: | |
| Tags: |
Tag hinzufügen
Keine Tags, Fügen Sie den ersten Tag hinzu!
|
MARC
| LEADER | 00000nam a2200000 a 4500 | ||
|---|---|---|---|
| 001 | UCU3581 | ||
| 003 | CL-VaPUC | ||
| 008 | 960510e19620000CL |||||||||||||||||spa|d | ||
| 082 | 0 | 4 | |a 624.151 |b FEN |2 21 |
| 100 | 0 | |a Fenner, Ricardo |e author |9 360598 | |
| 245 | 1 | 0 | |a Geología aplicada a la ingeniería civil |
| 300 | |a 207 p | ||
| 942 | |c BK | ||
| 945 | |d 19960510 00:00:00 |a cmena | ||
| 260 | |a Santiago |b Universidad de Chile |c 1962 | ||
| 650 | 7 | |a GEOLOGIA APLICADA |2 CL-VaPUC |9 262496 | |
| 650 | 0 | |a Ingeniería civil |9 260076 | |
| 650 | 0 | |a Manuales |9 257144 | |
| 650 | 7 | |a CIENCIAS APLICADAS |2 CL-VaPUC |9 360599 | |
| 650 | 7 | |a GEOLOGIA BASICA |2 CL-VaPUC |9 360600 | |
| 650 | 0 | |a Geología dinámica |9 360601 | |
| 650 | 0 | |a Hidrogeología |9 262905 | |
| 650 | 7 | |a ESTATIGRAFIA |2 CL-VaPUC |9 360602 | |
| 583 | |a last modification |c 19960510 00:00:00 |k Rodrigo Vera | ||
| 999 | |c 247535 |d 247533 | ||
| 952 | |0 0 |1 0 |4 0 |6 624_151000000000000_FEN_1962 |7 0 |8 A |9 263520 |a BIBING |b BIBING |d 2019-11-19 |i 1650742 |o 624.151 FEN 1962 |p 1650742 |r 2025-01-20 |w 2019-11-19 |y BK |k ING | ||